000 00638nam a22002057a 4500
005 20250328104435.0
010 _aENG-144314
020 _a9788197865923
_c300.00
035 _aEN-127846
037 _bDBAD
082 _a230.2
_21
100 _aGhosh, Tarun Kumar
_979989
245 _aApplied Srimad Bhagavad Gita;
_bThe Gita and it's Application in MAnagement
_cTarun Kumar Ghosh
260 _aKolkata
_bProgressive Publishers
_c2025
270 _a37A College Street
_bKolkata
_e700073
300 _a288 p.
_c22 cm.(Hb)
500 _aStories of vedanta monks
700 _976691
942 _2ddc
_cEN
_h230.2
_mGHO
999 _c210558
_d210558